00389nam a2200145Ia 4500008004100000040001900041041001200060082002200072100001900094245004500113260002700158300002100185650002100206850001600227131103s9999 xx 000 0 und d aLoreto College aEnglish aF/GORbLCBED/6368 aGordon, Ernest aMiracle on the river KwaicErnest Gordon aLondonbCollins c1971 a189 p. c 18 cm. aEnglish Fiction  aLCBED/F/GOR